Postaw na milion 110 - Statystyki

Ogólne statystyki
  • Ten quiz został rozwiązany 12 razy
  • Średni wynik to 8 z 12
Statystyki odpowiedzi
Zagadnienie Odpowiedź % Poprawnych
Żołądź to owoc: dębu
92%
Miasto międzynarodowych targów, koziołków na ratuszu i jeziora Malta to: Poznań
92%
Tylko jedno państwo w Europie ma flagę, na której nie ma ani czerwieni, ani błękitu. Tym państwem jest: Irlandia
83%
Który z wymienionych sportów jest najmłodszym w historii letnich Igrzysk Olimpijskich? BMX
75%
Superman ma pelerynę koloru: czerwonego
75%
Najbardziej odpowiedzialni kierowcy wg badania IPSOS z 2015 roku to: Szwedzi
75%
Które amerykańskie miasto jest określane mianem "miasta braterskiej miłości"? Filadelfia
67%
Na pytanie ankieterów CBOS w 2015 roku: "Co się dzieje z nami po śmierci?" najwięcej Polaków odpowiedziało: idziemy do nieba, piekła lub czyśćca
67%
Stolicą Kalifornii jest: Sacramento
67%
W którym z wymienionych języków tworzyło najwięcej laureatów Nagrody Nobla w dziedzinie literatury? francuskim
58%
Który z oceanów ma największą głębokość średnią? Ocean Spokojny
25%
Piramida Cheopsa była przez blisko 4 tysiące lat najwyższą budowlą na świecie. Która budowla pierwsza ją prześcignęła? Katedra w Lincoln
8%
Nie znaleziono quizów pasujących do podanych kryteriów
Rozkład punktacji
Procent ludzi z każdym wynikiem
Percentyl według liczby udzielonych odpowiedzi
Twoja historia wyników
Nie rozwiązałeś tego quizu